000 00697nas a2200253 4500
001 BR0400342
003 BR-BrBNA
005 20231205104238.0
007 ta
008 230509b bl.|||p| |||| 00| 00por d
040 _aBR-BrBNA
_bpor
_cBiblioteca Nacional de Agricultura
041 _a(Pt)
072 _aE71
100 1 _aLopes, M. de R.
100 1 _aPinho, B. de S.
245 1 _aComércio Internacional; futuro em jogo
650 _aCOMÉRCIO EXTERIOR
650 _aALCA
650 _aTARIFA
650 _aMERCOSUL
773 0 _tAgroanalysis (Brazil)
_xISSN 0100-4298
_g(May 2003), v. 23(3) p. 30-32
_wBR0400342
909 _a202311
_bLúcia
_c55
_dLúcia Elande
942 _2AGRIS
_n0
_cANA
999 _c177145
_d177145